Aplicaciones de la psicología social : en la escuela, en la clínica, en las organizaciones, en la acción comunitaria /

Gardado en:
Detalles Bibliográficos
Autor Principal: Rodrigues, Aroldo (autor)
Formato: Libro
Idioma:Lingua castelá
Publicado: México : Trillas, 1983, c1983
Etiquetas: Engadir etiqueta
Sen Etiquetas, Sexa o primeiro en etiquetar este rexistro!

MARC

LEADER 00000nam^a2200000^a^4500
001 000580143
005 20250521000000.0
009 20260310132544.31
020 |a 968-24-1329-X 
037 |a Acervo ITESO - Biblioteca 
041 |a ESP 
091 |a FLG. 00782 
100 |a Rodrigues, Aroldo  |e (autor) 
245 1 0 |a Aplicaciones de la psicología social :  |b en la escuela, en la clínica, en las organizaciones, en la acción comunitaria / 
264 4 |a México :  |b Trillas,  |c 1983, c1983 
300 |a 143 p. 
336 |a texto  |b txt  |2 rdacontenido 
337 |a sin mediación  |b n  |2 rdamedio 
338 |a volumen  |b nc  |2 rdasoporte 
649 |a XX 
910 |a Fondo Luis González de Alba 
920 |a Impresos - Libros 
930 |a Fondos Especiales 
905 |a 141 
901 |a 0500396769  |b IT2  |c ESP  |i D102254  |u 20250521 
902 |a https://opac.biblio.iteso.mx/vufind/Record/000580143